MDQL
is popping MORE tags! Check the
thread
!
Quizzes
Events
Quiz Creation
Community
Videos
Private Events
Remove Ads
Sign In
Join for FREE
Feedback
Dark Mode
Quiz Categories
Sports
Geography
Music
Movies
Television
Just For Fun
Miscellaneous
History
Literature
Language
Science
Gaming
Entertainment
Religion
Holiday
For Kids
Quiz Lab
Recent
Popular Today
Quiz Kudos Today
Editor Picks
Curator Picks
Quizzes by...
Day
Popularity
Type
Ratings
Length
Year
Community
Subscriptions
Recent Discussions
Orange Saloon
Badges
Playlists
Quests
Create
Leaderboards
Showdown
Live 5
Trivia Bingo
Activity
Puzzle Library
Sporcle Events
Private Events
Virtual Trivia
Globe League
Become a Host
Pub Owners
SporcleCon
Opinionation
Our Games
Videos
Blog
Mobile Apps
Partnerships
Remove Ads and Go Orange
Feedback
Music
Pop Music
The Beatles
Song
Album
Lyrics
Bands
Singers
Artist
Clip
Rock
Rap
Classical
Billboard
Country Music
Kpop
Taylor Swift
Music
Pop Music
The Beatles
Song
Album
Lyrics
Bands
Singers
Artist
Clip
Rock
Rap
Classical
Billboard
Country Music
Kpop
Taylor Swift
Random Quiz
Search Sporcle
×
Quiz Lab
Quiz Lab
Music
Song
Type in answers that appear in a list
Type in answers that appear in a list
Classic
Best Score? Go Orange.
Beastly Bands A-Z Stats
Can you name the bands with an animal in their name?
By
DuckBitt
5m
24 Questions
68 Plays
68 Plays
68 Plays
Comments
Comments
Give Quiz Kudos
Give Quiz Kudos
-
- Ratings
hide this ad
More Info
Replay
Link that replays current quiz
Next Quiz
Link to next quiz in quiz playlist
You Got
0%
They Got
Avg Score
57%
Avg Friend Score
Upgrade to see
Score Distribution
Jump to the score distribution portion of the page
Score
0/24
Timer
05:00
0
Plays Today
Band
Animal
% Correct
Grizzly _
_
_
_
Bear
92.6%
the _
_
_
_
_
_
s
Eagle
89.7%
_
_
_
Stevens
Cat
86.8%
the _
_
_
_
_
_
s
Animal
85.3%
Olivia _
_
_
_
on-
John
Newt
82.4%
_
_
_
_
el Richie
Lion
82.4%
Arctic _
_
_
_
_
_
s
Monkey
80.9%
_
_
_
_
_
_
_
z
Gorilla
80.9%
_
_
_
_
gang Amadeus Mozart
Wolf
79.4%
_
_
_
City
Owl
76.5%
_
_
_
atat
Rat
69.1%
_
_
_
_
Seal
69.1%
Band
Animal
% Correct
Band of _
_
_
_
_
s
Horse
58.8%
Them Crooked _
_
_
_
_
_
_
s
Vulture
55.9%
_
_
_
_
Sauce
Duck
52.9%
_
_
_
_
_
head
Zebra
45.6%
_
_
_
ing Lotus
Fly
41.2%
Tame _
_
_
_
_
_
Impala
33.8%
_
_
_
_
_
Army
Tiger
32.4%
_
_
_
Ballz
Yak
27.9%
Kid _
_
_
_
_
Koala
22.1%
_
_
_
_
_
_
es
Jaguar
16.2%
the _
_
_
_
_
_
Detectives
Pigeon
11.8%
Onra & _
_
_
_
_
_
_
Quetzal
4.4%
Quiz Playlist
Details
Report
Send in Message
Add To Playlist
More Info:
WARNING: Prior to creating this quiz I had not heard of all of these bands myself. There is no answer for U or X.
Classic:
Type in answers that appear in a list
Quiz Source
Last Updated: Feb 16, 2017
Quiz Scoreboard
CHALLENGE
Sign Up to Join the Scoreboard
Show All
Scores
Hide
Comments
May contain spoilers
Recently Published
1-10 Letter E Words III
by El_Dandy
Language
2m
Street Fighter Characters
by Artimus82
Gaming
60s
College Basketball Coaching Resumes
by pancakes188
Sports
9m
More to Explore
Quiz From the Vault
Featured Blog Post
Where Did the Easter Bunny Come From?
hide this ad
You Might Also Like...
Tags
Animal Quiz
Song Quiz
A-Z
Notable
Today's Top Quizzes in Music
Browse Music
hide this ad
Today's Top Quizzes in Song
Browse Song
Top Contributed Quizzes in Music
1
Taylor Swift All Songs (2024)
2
Taylor Swift Logic Puzzle
3
Guess the Artist- 70s Songs
4
7-to-1: Billboard Hot 100 #1 Hits of 2010s
5
Sorting Albums and Songs
6
KPOP LOGIC QUIZ
7
Billboard Blitz: Aretha Franklin
8
Guess the Taylor Swift song (Mystery Song)
9
Guess The Taylor Swift Lyrics Song #1
10
Billboard Blitz: ABBA
Explore More
Trending Topics
Kpop
Crossword
Marvel
Harry Potter
Disney
Anime
NBA
Soccer
Puzzle
Song
Country
Pokémon
The Office
WWE
NFL
hide this ad
More By:
DuckBitt
Quiz
Plays
Rating
Category
Featured
Created
Country by Music
122
5.00
Music
Jan 23, 2014
American Pie Word Ladder
112
4.50
Just For Fun
Feb 3, 2014
Beastly Bands A-Z
68
4.50
Music
Jan 24, 2014
Shoe Songs
16
Music
Feb 6, 2014
Go to Creator's Profile
Score Distribution
Quiz Creator Spotlight
DuckBitt
Follow
Send a Message
Quizzes Created
-
Created Quiz Play Count
-
More By This Creator
Popular Quizzes Today
1
Find the US States - No Outlines Minefield
2
Find the Countries of Europe - No Outlines Minefield
3
The Countries of the World
4
Find the US States
5
Risky Map Clicking: Biggest States A-Z
6
US States
7
Popular People in 1961
8
Movies - When Are They Set?
More Music Quizzes
The Weeknd, Ariana Grande - Save Your Tears (Remix)
Quiz Lab
Trending Quizzes
Risky Map Clicking: Least Populous States A-Z
USA Borders Longest to Shortest
1-10 Letter G Words
1-10 Letter F Words
Countries of the World: 200 Million BC
Recently Updated
Leaping Animals
pecheneg
Reality TV Shows (A-Z)
bhenderson79
Rickey Henderson's Hall of Fame Teammates
pecheneg
Champions League XIs: Arsenal
pecheneg
Quick Pick: Celebrities in WWE's Hall of Fame
aduchscher
A-Z Keypad Blitz II
pecheneg
Multiple Oscar Actors
pecheneg
Mystery Phrase Blitz: Oscar 'Best Actors'
pecheneg
F. Scott Fitzgerald Novels
LTH
Pick 3 Villains
ddd62291
Trending Topics
Kpop
Harry Potter
Disney
Marvel
Crossword
NBA
Anime
Country
Soccer
NFL
Song
The Office
Pokémon
Puzzle
WWE
Your Account Isn't Verified!
In order to create a playlist on Sporcle, you need to verify the email address you used during registration. Go to your
Sporcle Settings
to finish the process.
Report this User
Report this user for behavior that violates our
Community Guidelines
.
Details:
Send Report
Go to the Sporcle.com Mobile Site →
Comments